|
|
|
|
| LEADER |
00000cam a2200000 7i4500 |
| 001 |
0000000804 |
| 005 |
20020716.0 |
| 020 |
0 |
0 |
|a 983955400X
|
| 090 |
0 |
0 |
|a R634.90959521
|b FOR 1989
|
| 245 |
0 |
0 |
|a FORESTRY in Sabah
|c compiled by Sabah Forestry Department
|
| 260 |
0 |
0 |
|a Sandakan, Sabah :
|b Jabatan Hutan Negeri Sabah ,
|c 1989
|
| 300 |
|
|
|a 164 p. :
|b col. ill. ;
|c 30 cm.
|
| 500 |
0 |
0 |
|a Bibliography: [p. 150] and index
|
| 650 |
0 |
0 |
|a Forest management
|z Sabah
|
| 650 |
0 |
0 |
|a Forests and forestry
|z Sabah
|
| 710 |
1 |
1 |
|a Sabah ,
|c Jabatan Perhutanan
|
| 998 |
|
|
|a JPSM
|
| 999 |
|
|
|a 0000000507
|b Monograph
|c Open Shelf
|e Default branch
|
| 999 |
|
|
|a 0000001799
|b Monograph
|c Reference
|e Default branch
|